01258nam a2200145Ia 4500008004100000020001500041050001500056100005200071245013700123260003700260300004000297505069800337650004001035650003701075120626s1994 mx k 000 0 spa d a9701004701 aQA461bF84 aFuenlabrada de la Vega Trucíos, Samueldautor aMatemáticas Ib: Aritmética y álgebrac/ Samuel, Fuenlabrada de la Vega Trucíos; revisión técnica: Alejandro Rosas Snell aMéxico b: McGraw Hillc, 1994 aiix, 281 páginas b: formularios  aConjuntos Los números reales Estructuras numéricas Operaciones con los números reales Exponenciación Notación científica Terminología y notación Operaciones con expresiones algebraicas Operaciones con expresiones algebraicas (cont.) Operaciones con polinomios factorización Operaciones con polinomios con exponentes y radicales Operaciones con fracciones algebraicas Ecuaciones lineales Resolución de sistemas lineales con dos incógnitas Números complejos Ecuaciones cuadráticas Discriminante y naturaleza de las raíces Resoluciones de sistemas de segundo grado Razones y proporciones Progresiones Intervalos Desigualdades  0aARITMÉTICAxESTUDIO Y ENSEÑANZA 0aÁLGEBRAxESTUDIO Y ENSEÑANZA